Bagai aur dengan tebing

Bibliographic Details
Main Author: Hartini Hashim
Format: Book
Published: Selangor : Pustaka Pepada Jaya , 2001
Series:Siri cerita tangggungjawab
Subjects:

MARC

LEADER 00000cam a2200000 7i4500
001 0000006550
005 20220105104023.0
008 070817
020 |a 9830221814 
090 0 0 |a JP   |b MOR MAL (4993) 
100 0 |a Hartini Hashim 
245 1 0 |a Bagai aur dengan tebing   |c Hartini Hashim 
260 |a Selangor :   |b Pustaka Pepada Jaya ,   |c 2001 
440 |a Siri cerita tangggungjawab 
500 |a Children age 4-6 years old (yellow) 
650 0 |a Moral stories 
999 |a 0000985197   |b Book   |c Children Collection   |e Cawangan Tmn. Ungku Tun Aminah 
999 |a 0000985198   |b Book   |c Children Collection   |e Cawangan Tmn. Ungku Tun Aminah 
999 |a 0000985199   |b Book   |c Children Collection   |e Cawangan Sri Merlong 
999 |a 0000985200   |b Book   |c Children Collection   |e Perbadanan Perpustakaan Awam Johor 
999 |a 0000985201   |b Book   |c Children Collection   |e Perbadanan Perpustakaan Awam Johor